| 000 | 00748cam a2200205 a 4500 | ||
|---|---|---|---|
| 020 | _a9789251070284 | ||
| 020 | _a9251070288 | ||
| 040 | _cBTCTA | ||
| 082 | _a636 FAO 2011 A028 Or. | ||
| 245 | 0 | 0 |
_aInvestigating the role of bats in emerging zoonoses : _bbalancing ecology, conservation and public health interest / |
| 260 |
_aRome : _bFood and Agriculture Organization of the United Nations, _c2011. |
||
| 300 |
_axii, 169 p. : _bcol. ill. ; _c25 cm. |
||
| 490 | 1 | _aFAO animal production and health manual ; | |
| 650 | 0 | _aBats as carriers of disease. | |
| 650 | 0 | _aAnimals as carriers of disease. | |
| 650 | 0 | _aZoonoses. | |
| 700 | 1 | _aNewman, Scott H. | |
| 710 | 2 | _aFood and Agriculture Organization of the United Nations. | |
| 942 | _cAEDBB | ||
| 999 |
_c20907 _d20907 |
||